000 00446nam a2200181Ia 4500
001 2291
005 20260306144756.0
008 260306t2012||||xx |||||||||||||| ||spa||
041 _aESP
082 _a616.8552
_bG67
100 _aGonzález Lázaro, Paola
_eAUT
245 0 _aAfasia:
_bde la teoría a la práctica
260 _c2012
300 _axxvii, 184 páginas :
_c23 cm.
650 _aGEN
654 _aCPS
942 _cLIB
_dJUS
_fJUS
_2ddc
_n
999 _c2291
_d2291